Reptiles and those in danger of extinction

Bibliographic Details
Main Author: Steele, Philip
Format: Book
Published: London : Franklin Watts , 1991
Series:Extinct
Subjects:

MARC

LEADER 00000cam a2200000 7i4500
001 0000005409
002 000005844
005 20000330.0
020 |a 0749605294 
090 0 0 |a J 591.529   |b STE 
100 1 |a Steele, Philip 
245 1 0 |a Reptiles and those in danger of extinction   |c Philip Steele 
260 |a London :   |b Franklin Watts ,   |c 1991 
300 |a 32p :   |b Illust ;   |c 25 cm. 
490 0 |a Extinct 
650 0 0 |a Extinct reptiles 
999 |a 026971   |b BUKU   |c JUNIOR REFERENCE   |e PERPUSTAKAAN KOMUNITI PETALING JAYA